La herencia del simbolismo
Salvato in:
| Autore principale: | |
|---|---|
| Natura: | Libro |
| Lingua: | Undetermined |
| Pubblicazione: |
Buenos Aires, Argentina
Losada
1951
|
| Soggetti: | |
| Tags: |
Aggiungi Tag
Nessun Tag, puoi essere il primo ad aggiungerne!!
|
MARC
| LEADER | 00000nam a2200000Ia 4500 | ||
|---|---|---|---|
| 008 | 170316s9999 xx 000 0 und d | ||
| 090 | |a 801 B-26h | ||
| 100 | |a Bowra, C. M. | ||
| 245 | |a La herencia del simbolismo | ||
| 260 | |a Buenos Aires, Argentina | ||
| 260 | |b Losada | ||
| 260 | |c 1951 | ||
| 300 | |a 302 páginas | ||
| 650 | |a TEORÍA LITERARIA | ||
| 650 | |a MOVIMIENTOS LITERARIOS | ||
| 650 | |a SIMBOLISMO | ||
| 650 | |a GEORGE STEFAN 1868-1933 | ||
| 650 | |a BLOK ALEXANDER 1880-1921 | ||
| 650 | |a VALERY PAUL | ||
| 650 | |a RILKE RAINER MARIA 1875-1926 | ||
| 650 | |a YEATS | ||
| 999 | |c 20089 |d 20089 | ||
| 040 | |a cru BVZT | ||
| 942 | |c 15 D |h 801 B-26h |2 z | ||
